[Event "XXX Roquetas de Mar Open 2019"]
[Site "Roquetas de Mar"]
[Date "2019.01.04"]
[Round "5"]
[White "Svetushkin, Dmitry"]
[Black "Gavilan Diaz, Mario"]
[Result "1-0"]
[WhiteElo "2605"]
[BlackElo "2357"]
[Annotator "ChessBase"]
[PlyCount "63"]
[EventDate "2019.01.02"]
[EventType "swiss"]
[EventCountry "ESP"]
[SourceTitle "playchess.com"]
[Source "ChessBase"]
[SourceQuality "1"]
[TimeControl "5400+30"]

1. e4 {[%emt 0:00:00]} e5 {[%emt 0:00:00]} 2. Nf3 {[%emt 0:00:00]} Nf6 {[%emt 0:00:16]} 3. d4 {[%emt 0:00:00]} Nxe4 {[%emt 0:00:43]} 4. Bd3 {[%emt 0:01:06]} d5 {[%emt 0:00:56]} 5. dxe5 {[%emt 0:00:06]} Nc5 {[%emt 0:01:48]} 6. Nc3 {[%emt 0:00:19]} c6 {[%emt 0:06:38]} 7. O-O {[%emt 0:00:07]} Be7 {[%emt 0:02:55]} 8. Re1 {[%emt 0:00:05]} O-O {[%emt 0:07:23]} 9. Nd4 {[%emt 0:04:37]} Nxd3 {[%emt 0:06:43]} 10. Qxd3 {[%emt 0:00:05]} c5 {[%emt 0:04:35]} 11. Nf5 {[%emt 0:00:37]} d4 {[%emt 0:01:18]} 12. Nxe7+ {[%emt 0:10:53]} Qxe7 {[%emt 0:00:07]} 13. Nd5 {[%emt 0:00:03]} Qd8 {[%emt 0:01:50]} 14. c4 {[%emt 0:02:59]} dxc3 {[%emt 0:05:18]} 15. bxc3 {[%emt 0:00:04]} Be6 {[%emt 0:03:47]} 16. c4 {[%emt 0:01:24]} Nc6 {[%emt 0:01:20]} 17. Qg3 {[%emt 0:01:34]} Bxd5 {[%emt 0:11:59]} 18. Bh6 {[%emt 0:01:37]} g6 {[%emt 0:00:38]} 19. Bxf8 {[%emt 0:01:11]} Kxf8 {[%emt 0:02:20]} 20. cxd5 {[%emt 0:04:01]} Qxd5 {[%emt 0:00:09]} 21. e6 {[%emt 0:00:02]} fxe6 {[%emt 0:09:23]} 22. Qc7 {[%emt 0:01:24]} Kg8 {[%emt 0:04:03]} 23. Qxb7 {[%emt 0:00:56]} Nd4 {[%emt 0:02:13]} 24. Rab1 {[%emt 0:01:23]} Rf8 {[%emt 0:02:16]} 25. Qxd5 {[%emt 0:01:57]} exd5 {[%emt 0:00:07]} 26. Re5 {[%emt 0:00:05]} c4 {[%emt 0:05:06]} 27. Kf1 {[%emt 0:01:02]} Nf5 {[%emt 0:10:07]} 28. g4 {[%emt 0:03:26]} Nd6 {[%emt 0:00:13]} 29. Rxd5 {[%emt 0:00:28]} Ne4 {[%emt 0:00:11]} 30. Rb2 {[%emt 0:00:13]} c3 {[%emt 0:02:19]} 31. Rc2 {[%emt 0:00:23]} Rb8 {[%emt 0:01:54]} 32. Kg2 {[%emt 0:00:17]} 1-0

[Event "XXX Roquetas de Mar Open 2019"]
[Site "Roquetas de Mar"]
[Date "2019.01.04"]
[Round "5"]
[White "Xu, Yi"]
[Black "Dardha, Daniel"]
[Result "1/2-1/2"]
[WhiteElo "2528"]
[BlackElo "2337"]
[Annotator "ChessBase"]
[PlyCount "66"]
[EventDate "2019.01.02"]
[EventType "swiss"]
[EventCountry "ESP"]
[SourceTitle "playchess.com"]
[Source "ChessBase"]
[SourceQuality "1"]
[TimeControl "5400+30"]

1. e4 {[%emt 0:00:00]} c5 {[%emt 0:02:44]} 2. Nf3 {[%emt 0:00:00]} Nc6 {[%emt 0:00:09]} 3. Bb5 {[%emt 0:00:00]} d6 {[%emt 0:00:04]} 4. O-O {[%emt 0:00:00]} Bd7 {[%emt 0:00:02]} 5. Re1 {[%emt 0:00:00]} Nf6 {[%emt 0:00:07]} 6. c3 {[%emt 0:00:00]} a6 {[%emt 0:00:05]} 7. Bc4 {[%emt 0:00:12]} Bg4 {[%emt 0:07:02]} 8. d4 {[%emt 0:01:06]} cxd4 {[%emt 0:00:54]} 9. cxd4 {[%emt 0:00:07]} e5 {[%emt 0:00:50]} 10. dxe5 {[%emt 0:03:58]} dxe5 {[%emt 0:01:25]} 11. Bd5 {[%emt 0:01:10]} Qc7 {[%emt 0:20:24]} 12. Bxc6+ {[%emt 0:01:10]} bxc6 {[%emt 0:00:04]} 13. h3 {[%emt 0:03:09]} Bh5 {[%emt 0:01:40]} 14. Bg5 {[%emt 0:03:09]} Nd7 {[%emt 0:07:42]} 15. Nbd2 {[%emt 0:02:39]} Bb4 {[%emt 0:01:45]} 16. a3 {[%emt 0:06:54]} Bxd2 {[%emt 0:02:47]} 17. Bxd2 {[%emt 0:00:47]} O-O {[%emt 0:00:31]} 18. Re3 {[%emt 0:00:29]} Rfd8 {[%emt 0:05:48]} 19. Qe1 {[%emt 0:06:08]} a5 {[%emt 0:05:34]} 20. Rc1 {[%emt 0:02:33]} Qb6 {[%emt 0:02:57]} 21. Bc3 {[%emt 0:01:44]} f6 {[%emt 0:00:43]} 22. Nd2 {[%emt 0:02:51]} Qb5 {[%emt 0:05:36]} 23. Qf1 {[%emt 0:02:24]} Nc5 {[%emt 0:01:39]} 24. Qc4+ {[%emt 0:02:13]} Qxc4 {[%emt 0:02:16]} 25. Nxc4 {[%emt 0:00:16]} Nb3 {[%emt 0:00:27]} 26. Rb1 {[%emt 0:04:38]} Bf7 {[%emt 0:09:16]} 27. Nb6 {[%emt 0:00:21]} Rab8 {[%emt 0:02:35]} 28. Na4 {[%emt 0:00:04]} c5 {[%emt 0:01:07]} 29. Be1 {[%emt 0:03:12]} c4 {[%emt 0:00:20]} 30. Kf1 {[%emt 0:02:58]} Be8 {[%emt 0:03:01]} 31. Nc3 {[%emt 0:00:49]} Bc6 {[%emt 0:01:12]} 32. f3 {[%emt 0:02:05]} Kf7 {[%emt 0:02:27]} 33. Re2 {[%emt 0:05:12]} Ke6 {[%emt 0:02:14]} 1/2-1/2

[Event "XXX Roquetas de Mar Open 2019"]
[Site "Roquetas de Mar"]
[Date "2019.01.04"]
[Round "5"]
[White "Frolyanov, Dmitry"]
[Black "Shirov, Alexei"]
[Result "0-1"]
[WhiteElo "2517"]
[BlackElo "2658"]
[Annotator "TA"]
[PlyCount "72"]
[EventDate "2019.01.02"]
[EventType "swiss"]
[EventCountry "ESP"]
[SourceTitle "playchess.com"]
[Source "ChessBase"]
[SourceQuality "1"]

{[%evp 20,72,6,0,0,-6,0,-1,22,7,16,15,20,20,18,18,17,11,16,14,13,-12,9,-93,-86,-133,-145,-132,-104,-131,-54,-125,-158,-167,-152,-166,-156,-180,-147,-143,-138,-242,-245,-231,-235,-227,-220,-296,-270,-277,-241,-753,-716,-785,-777]} 1. e4 e5 2. Nf3 Nc6 3. Bb5 a6 4. Ba4 Nf6 5. O-O b5 6. Bb3 Bc5 7. c3 d6 8. a4 Rb8 {C78: Ruy Lopez: Archangelsk and Möller Defences} (8... b4 9. d4 Ba7 10. Bg5 Rb8 11. Bd5 Ne7 12. dxe5 Nfxd5 13. exd5 O-O 14. exd6 Qxd6 15. c4 Nf5 16. Nbd2 {1-0 (41) Nepomniachtchi,I (2757)-Kramnik,V (2792) Dortmund 2018}) 9. d3 h6 10. h3 O-O 11. Re1 {LiveBook: 7 Games} b4 12. Nbd2 bxc3 $146 ({Predecessor:} 12... Ba7 13. a5 Nd7 14. Bc2 Re8 15. Ba4 Bb7 16. Nb3 {½-½ (62) Gadjily,R (2425)-Gharamian,T (2228) Batumi 2001}) 13. bxc3 Nh5 14. Bd5 Ne7 15. Bc4 Nf4 16. d4 exd4 17. Nb3 Neg6 18. Nxc5 dxc5 19. cxd4 cxd4 20. Ba3 ({Much worse is} 20. Nxd4 Rb4 $17) 20... Re8 21. Bf1 ({Wrong is} 21. Nxd4 $2 Qg5 $19) (21. Qxd4 $11 Nh4 22. Qxd8 Nxf3+ 23. gxf3 Rxd8 24. Red1 Rxd1+ 25. Rxd1) 21... d3 $17 22. Kh2 {[#]} Bb7 $1 {[%cal Rb7e4]} 23. Nd2 Qd4 24. Rc1 Ne6 (24... Qxf2 $17 25. Bc5 Qh4) 25. Re3 (25. Nf3 $1 $15 Qxf2 26. Qxd3) 25... Ne5 $36 {[%mdl 2048] Black is really pushing.} 26. a5 Bc6 27. Bxd3 Nxd3 28. Nf3 {[#]} Qxe3 $1 {[%mdl 512]} 29. fxe3 Nxc1 30. Qxc1 (30. Qc2 $17 {keeps fighting.}) 30... Bxe4 $19 31. Nd2 Ba8 32. Qc3 Rb5 33. Bb2 Reb8 34. Ba3 Rd8 35. Bb2 $2 (35. Be7 Rd7 36. Bb4) 35... Rc5 36. Qb4 Rc2 {Accuracy: White = 54%, Black = 54%.} 0-1

[Event "XXX Roquetas de Mar Open 2019"]
[Site "Roquetas de Mar"]
[Date "2019.01.04"]
[Round "5"]
[White "Sosa, Tomas"]
[Black "Grigoryan, Karen H."]
[Result "0-1"]
[WhiteElo "2499"]
[BlackElo "2557"]
[Annotator "ChessBase"]
[PlyCount "116"]
[EventDate "2019.01.02"]
[EventType "swiss"]
[EventCountry "ESP"]
[SourceTitle "playchess.com"]
[Source "ChessBase"]
[SourceQuality "1"]
[TimeControl "5400+30"]

1. e4 {[%emt 0:02:26]} Nc6 {[%emt 0:14:08]} 2. d4 {[%emt 0:00:34]} d6 {[%emt 0:00:47]} 3. d5 {[%emt 0:01:51]} Nb8 {[%emt 0:01:00]} 4. Nc3 {[%emt 0:00:09]} Nf6 {[%emt 0:00:36]} 5. f4 {[%emt 0:02:40]} c6 {[%emt 0:00:55]} 6. Be2 {[%emt 0:02:57]} g6 {[%emt 0:01:39]} 7. Nf3 {[%emt 0:00:06]} Bg4 {[%emt 0:01:48]} 8. h3 {[%emt 0:04:53]} Bxf3 {[%emt 0:01:01]} 9. Bxf3 {[%emt 0:00:06]} Bg7 {[%emt 0:00:37]} 10. e5 {[%emt 0:08:01]} dxe5 {[%emt 0:03:39]} 11. fxe5 {[%emt 0:00:22]} Nxd5 {[%emt 0:00:06]} 12. Nxd5 {[%emt 0:00:17]} cxd5 {[%emt 0:00:07]} 13. Qxd5 {[%emt 0:00:52]} Nc6 {[%emt 0:06:27]} 14. e6 {[%emt 0:02:09]} f5 {[%emt 0:03:52]} 15. c3 {[%emt 0:07:31]} Qxd5 {[%emt 0:05:59]} 16. Bxd5 {[%emt 0:00:21]} O-O-O {[%emt 0:00:07]} 17. Bb3 {[%emt 0:04:41]} Rd6 {[%emt 0:00:24]} 18. O-O {[%emt 0:06:35]} Na5 {[%emt 0:02:17]} 19. Bf4 {[%emt 0:05:35]} Nxb3 {[%emt 0:13:29]} 20. axb3 {[%emt 0:00:13]} Rxe6 {[%emt 0:00:06]} 21. Rxa7 {[%emt 0:00:13]} Re4 {[%emt 0:07:38]} 22. Ra8+ {[%emt 0:14:33]} Kd7 {[%emt 0:00:05]} 23. Rd1+ {[%emt 0:00:14]} Kc6 {[%emt 0:04:27]} 24. Ra4 {[%emt 0:06:14]} Rxa4 {[%emt 0:00:20]} 25. bxa4 {[%emt 0:00:04]} e5 {[%emt 0:02:32]} 26. Bg5 {[%emt 0:01:18]} Ra8 {[%emt 0:02:38]} 27. b3 {[%emt 0:00:39]} Bf8 {[%emt 0:08:19]} 28. Kf2 {[%emt 0:01:26]} h6 {[%emt 0:00:35]} 29. Bc1 {[%emt 0:04:07]} e4 {[%emt 0:01:40]} 30. h4 {[%emt 0:04:21]} b5 {[%emt 0:03:03]} 31. axb5+ {[%emt 0:03:47]} Kxb5 {[%emt 0:00:04]} 32. h5 {[%emt 0:05:15]} Bc5+ {[%emt 0:03:39]} 33. Kg3 {[%emt 0:00:47]} g5 {[%emt 0:01:10]} 34. b4 {[%emt 0:00:46]} Bb6 {[%emt 0:02:08]} 35. Rd5+ {[%emt 0:01:00]} Kc4 {[%emt 0:00:06]} 36. Rxf5 {[%emt 0:00:08]} Ra1 {[%emt 0:00:11]} 37. Rf1 {[%emt 0:04:34]} Kd3 {[%emt 0:07:51]} 38. Re1 {[%emt 0:01:45]} e3 {[%emt 0:01:17]} 39. Kf3 {[%emt 0:01:20]} e2 {[%emt 0:00:11]} 40. Rxe2 {[%emt 0:02:28]} Rxc1 {[%emt 0:01:33]} 41. Re6 {[%emt 0:00:10]} Rf1+ {[%emt 0:00:04]} 42. Kg3 {[%emt 0:02:03]} Bc7+ {[%emt 0:00:32]} 43. Kh3 {[%emt 0:00:06]} Rf4 {[%emt 0:00:07]} 44. g3 {[%emt 0:00:14]} g4+ {[%emt 0:01:49]} 45. Kg2 {[%emt 0:00:12]} Rf3 {[%emt 0:00:11]} 46. Rxh6 {[%emt 0:00:30]} Rxg3+ {[%emt 0:00:06]} 47. Kf1 {[%emt 0:00:53]} Bf4 {[%emt 0:00:12]} 48. Rh8 {[%emt 0:00:42]} Be3 {[%emt 0:00:12]} 49. Rd8+ {[%emt 0:00:05]} Ke4 {[%emt 0:00:05]} 50. h6 {[%emt 0:01:05]} Rg1+ {[%emt 0:00:31]} 51. Ke2 {[%emt 0:00:06]} Rg2+ {[%emt 0:00:06]} 52. Kf1 {[%emt 0:00:24]} Rf2+ {[%emt 0:00:06]} 53. Ke1 {[%emt 0:00:26]} Rh2 {[%emt 0:00:12]} 54. c4 {[%emt 0:01:11]} g3 {[%emt 0:00:41]} 55. Rg8 {[%emt 0:00:21]} Kf3 {[%emt 0:00:11]} 56. Kd1 {[%emt 0:00:39]} Rd2+ {[%emt 0:00:51]} 57. Ke1 {[%emt 0:00:08]} Rc2 {[%emt 0:00:12]} 58. Rf8+ {[%emt 0:01:15]} Bf4 {[%emt 0:00:07]} 0-1

[Event "XXX Roquetas de Mar Open 2019"]
[Site "Roquetas de Mar"]
[Date "2019.01.04"]
[Round "5"]
[White "Gascon Del Nogal, Jose Rafael"]
[Black "Gines Esteo, Pedro Antonio"]
[Result "1-0"]
[WhiteElo "2486"]
[BlackElo "2318"]
[Annotator "RC"]
[PlyCount "77"]
[EventDate "2019.01.02"]
[EventType "swiss"]
[EventCountry "ESP"]
[SourceTitle "playchess.com"]
[Source "ChessBase"]
[SourceQuality "1"]
[TimeControl "5400+30"]

1. d4 {[%emt 0:00:00]} f5 {[%emt 0:08:36]} 2. g3 {[%emt 0:07:35]} Nf6 {[%emt 0:00:44]} 3. Bg2 {[%emt 0:00:06]} g6 {[%emt 0:00:08]} 4. c3 {[%emt 0:01:18]} Bg7 {[%emt 0:06:46]} 5. Qb3 {[%emt 0:00:07]} a5 {[%emt 0:08:10]} 6. a4 {[%emt 0:01:28]} Ra7 {[%emt 0:03:49]} 7. Na3 {[%emt 0:01:55]} e6 {[%emt 0:02:15]} 8. Bf4 {[%emt 0:16:11]} d6 {[%emt 0:07:12]} 9. Nh3 {[%emt 0:01:31]} h6 {[%emt 0:08:22]} 10. Be3 {[%emt 0:00:44]} d5 {[%emt 0:07:27]} 11. Nf4 {[%emt 0:00:11]} g5 {[%emt 0:05:11]} 12. Ng6 {[%emt 0:00:08]} Rg8 {[%emt 0:00:04]} 13. h4 {[%emt 0:02:14]} Ng4 {[%emt 0:02:27]} 14. Bd2 {[%emt 0:01:21]} Kf7 {[%emt 0:00:13]} 15. f3 {[%emt 0:01:34]} Nf2 {[%emt 0:03:33]} 16. Ne5+ {[%emt 0:04:10]} Bxe5 {[%emt 0:00:08]} 17. Kxf2 {[%emt 0:00:04]} Bf6 {[%emt 0:03:18]} 18. hxg5 {[%emt 0:00:05]} hxg5 {[%emt 0:00:06]} 19. e4 {[%emt 0:00:04]} c6 {[%emt 0:04:46]} 20. e5 {[%emt 0:02:47]} Be7 {[%emt 0:00:42]} 21. Rh5 {[%emt 0:00:27]} Nd7 {[%emt 0:05:10]} 22. Rah1 {[%emt 0:00:46]} Qb6 {[%emt 0:00:31]} 23. Qc2 {[%emt 0:05:11]} Nxe5 {[%emt 0:01:30]} 24. g4 {[%emt 0:02:11]} Bxa3 {[%emt 0:09:24]} 25. bxa3 {[%emt 0:00:39]} Qb2 {[%emt 0:01:49]} 26. Qxb2 {[%emt 0:00:58]} Nd3+ {[%emt 0:00:04]} 27. Kg1 {[%emt 0:01:24]} Nxb2 {[%emt 0:00:05]} 28. Bxg5 {[%emt 0:00:36]} Nxa4 {[%emt 0:04:29]} 29. Rh7+ {[%emt 0:01:28]} Rg7 {[%emt 0:00:12]} 30. Bf4 {[%emt 0:00:05]} Nxc3 {[%emt 0:05:44]} 31. Be5 {[%emt 0:00:09]} Rxh7 {[%emt 0:00:05]} 32. Rxh7+ {[%emt 0:00:03]} Kg8 {[%emt 0:02:07]} 33. Rg7+ {[%emt 0:01:30]} Kf8 {[%emt 0:00:07]} 34. g5 {[%emt 0:00:37]} Ne2+ {[%emt 0:01:01]} 35. Kh2 {[%emt 0:00:53]} c5 {[%emt 0:00:43]} 36. g6 {[%emt 0:00:27]} cxd4 {[%emt 0:00:31]} 37. Rh7 {[%emt 0:00:47]} d3 {[%emt 0:00:29]} 38. g7+ {[%emt 0:00:09]} Kf7 {[%emt 0:00:09]} 39. Rh8 {[%emt 0:00:04]} 1-0

[Event "XXX Roquetas de Mar Open 2019"]
[Site "Roquetas de Mar"]
[Date "2019.01.04"]
[Round "5"]
[White "Pap, Misa"]
[Black "Garcia Martin, Marta"]
[Result "0-1"]
[WhiteElo "2481"]
[BlackElo "2296"]
[Annotator "ChessBase"]
[PlyCount "130"]
[EventDate "2019.01.02"]
[EventType "swiss"]
[EventCountry "ESP"]
[SourceTitle "playchess.com"]
[Source "ChessBase"]
[SourceQuality "1"]
[TimeControl "5400+30"]

1. e4 {[%emt 0:17:44]} c5 {[%emt 0:00:00]} 2. c3 {[%emt 0:00:45]} Nf6 {[%emt 0:00:00]} 3. e5 {[%emt 0:00:33]} Nd5 {[%emt 0:00:07]} 4. Nf3 {[%emt 0:00:11]} e6 {[%emt 0:00:13]} 5. d4 {[%emt 0:00:48]} cxd4 {[%emt 0:00:05]} 6. cxd4 {[%emt 0:00:06]} d6 {[%emt 0:00:05]} 7. Bc4 {[%emt 0:00:07]} Be7 {[%emt 0:00:17]} 8. O-O {[%emt 0:00:33]} O-O {[%emt 0:00:08]} 9. Nc3 {[%emt 0:10:09]} Nxc3 {[%emt 0:00:22]} 10. bxc3 {[%emt 0:00:04]} Qc7 {[%emt 0:08:23]} 11. Bd3 {[%emt 0:14:07]} dxe5 {[%emt 0:09:54]} 12. Nxe5 {[%emt 0:02:25]} Bd6 {[%emt 0:02:06]} 13. Qc2 {[%emt 0:04:12]} h6 {[%emt 0:07:21]} 14. f4 {[%emt 0:00:10]} b6 {[%emt 0:06:43]} 15. Bb2 {[%emt 0:02:14]} Bb7 {[%emt 0:00:51]} 16. Qe2 {[%emt 0:04:51]} Nd7 {[%emt 0:01:44]} 17. c4 {[%emt 0:00:13]} Rfe8 {[%emt 0:13:14]} 18. Rae1 {[%emt 0:03:35]} Nf8 {[%emt 0:00:25]} 19. Qg4 {[%emt 0:01:54]} f6 {[%emt 0:05:35]} 20. Ng6 {[%emt 0:01:15]} f5 {[%emt 0:00:37]} 21. Qg3 {[%emt 0:00:24]} Nxg6 {[%emt 0:00:55]} 22. Qxg6 {[%emt 0:00:17]} Qf7 {[%emt 0:00:19]} 23. Qg3 {[%emt 0:02:33]} Be7 {[%emt 0:13:13]} 24. d5 {[%emt 0:15:45]} Bc8 {[%emt 0:05:09]} 25. d6 {[%emt 0:05:13]} Bf8 {[%emt 0:01:41]} 26. Be5 {[%emt 0:01:48]} Rd8 {[%emt 0:01:43]} 27. Qh4 {[%emt 0:01:11]} Bb7 {[%emt 0:00:17]} 28. Be2 {[%emt 0:07:14]} Bxd6 {[%emt 0:00:51]} 29. Bh5 {[%emt 0:00:08]} Qe7 {[%emt 0:01:50]} 30. Qg3 {[%emt 0:00:09]} Bxe5 {[%emt 0:02:33]} 31. Rxe5 {[%emt 0:00:04]} Rd2 {[%emt 0:02:46]} 32. Bf3 {[%emt 0:00:18]} Rd3 {[%emt 0:02:54]} 33. Rfe1 {[%emt 0:00:36]} Bxf3 {[%emt 0:01:09]} 34. gxf3 {[%emt 0:00:01]} Re8 {[%emt 0:01:30]} 35. R1e2 {[%emt 0:00:49]} Qd7 {[%emt 0:02:36]} 36. Kg2 {[%emt 0:00:54]} Kh7 {[%emt 0:03:19]} 37. c5 {[%emt 0:02:06]} bxc5 {[%emt 0:01:14]} 38. Rxc5 {[%emt 0:00:02]} Rf8 {[%emt 0:02:08]} 39. h4 {[%emt 0:01:06]} Rd2 {[%emt 0:02:25]} 40. Qf2 {[%emt 0:00:33]} Rxe2 {[%emt 0:00:28]} 41. Qxe2 {[%emt 0:00:02]} Rf6 {[%emt 0:00:35]} 42. Qf2 {[%emt 0:02:16]} Rg6+ {[%emt 0:01:15]} 43. Kh2 {[%emt 0:00:11]} Qa4 {[%emt 0:01:19]} 44. Qd2 {[%emt 0:00:23]} Qa3 {[%emt 0:00:26]} 45. Rc3 {[%emt 0:00:21]} Qe7 {[%emt 0:01:02]} 46. Qe1 {[%emt 0:00:16]} Qb4 {[%emt 0:00:17]} 47. Qc1 {[%emt 0:01:57]} e5 {[%emt 0:00:33]} 48. h5 {[%emt 0:00:17]} Ra6 {[%emt 0:00:12]} 49. a3 {[%emt 0:00:50]} Qe7 {[%emt 0:00:59]} 50. Qe1 {[%emt 0:00:39]} e4 {[%emt 0:00:15]} 51. fxe4 {[%emt 0:00:34]} fxe4 {[%emt 0:00:04]} 52. Re3 {[%emt 0:00:23]} Qf7 {[%emt 0:00:37]} 53. Qe2 {[%emt 0:00:37]} Qxf4+ {[%emt 0:00:10]} 54. Kg2 {[%emt 0:00:06]} Ra5 {[%emt 0:00:58]} 55. Rg3 {[%emt 0:00:43]} Rg5 {[%emt 0:00:41]} 56. Rxg5 {[%emt 0:00:02]} hxg5 {[%emt 0:00:33]} 57. Qa6 {[%emt 0:00:01]} Qf3+ {[%emt 0:00:39]} 58. Kg1 {[%emt 0:00:14]} Qxh5 {[%emt 0:00:28]} 59. Qxa7 {[%emt 0:00:14]} Qg4+ {[%emt 0:00:11]} 60. Kf1 {[%emt 0:00:41]} Qd1+ {[%emt 0:00:31]} 61. Kg2 {[%emt 0:00:14]} Qf3+ {[%emt 0:00:05]} 62. Kh2 {[%emt 0:00:05]} e3 {[%emt 0:00:15]} 63. Qe7 {[%emt 0:00:27]} e2 {[%emt 0:00:27]} 64. a4 {[%emt 0:00:19]} Qf2+ {[%emt 0:00:22]} 65. Kh3 {[%emt 0:00:06]} e1=Q {[%emt 0:00:11]} 0-1

[Event "XXX Roquetas de Mar Open 2019"]
[Site "Roquetas de Mar"]
[Date "2019.01.04"]
[Round "5"]
[White "Espinosa Aranda, Angel"]
[Black "Nasuta, Grzegorz"]
[Result "1-0"]
[WhiteElo "2478"]
[BlackElo "2534"]
[Annotator "ChessBase"]
[PlyCount "57"]
[EventDate "2019.01.02"]
[EventType "swiss"]
[EventCountry "ESP"]
[SourceTitle "playchess.com"]
[Source "ChessBase"]
[SourceQuality "1"]
[TimeControl "5400+30"]

1. e4 {[%emt 0:02:58]} e5 {[%emt 0:00:00]} 2. Nf3 {[%emt 0:00:15]} Nc6 {[%emt 0:00:00]} 3. Nc3 {[%emt 0:01:03]} Nf6 {[%emt 0:00:00]} 4. Be2 {[%emt 0:00:07]} d6 {[%emt 0:10:50]} 5. d4 {[%emt 0:00:42]} exd4 {[%emt 0:03:03]} 6. Nxd4 {[%emt 0:00:08]} g6 {[%emt 0:00:09]} 7. Bg5 {[%emt 0:01:25]} Bg7 {[%emt 0:00:52]} 8. Nxc6 {[%emt 0:01:03]} bxc6 {[%emt 0:00:07]} 9. e5 {[%emt 0:00:04]} dxe5 {[%emt 0:00:37]} 10. Qxd8+ {[%emt 0:00:06]} Kxd8 {[%emt 0:00:06]} 11. O-O-O+ {[%emt 0:00:03]} Ke7 {[%emt 0:04:42]} 12. Bf3 {[%emt 0:00:14]} Bb7 {[%emt 0:15:12]} 13. Rhe1 {[%emt 0:04:31]} Rhe8 {[%emt 0:02:20]} 14. Ne4 {[%emt 0:09:29]} h6 {[%emt 0:07:36]} 15. Bxf6+ {[%emt 0:02:54]} Bxf6 {[%emt 0:00:19]} 16. Nc5 {[%emt 0:00:03]} Bc8 {[%emt 0:03:52]} 17. Bxc6 {[%emt 0:00:07]} Rb8 {[%emt 0:00:10]} 18. Bxe8 {[%emt 0:00:36]} Kxe8 {[%emt 0:00:05]} 19. Nd3 {[%emt 0:02:46]} Rb5 {[%emt 0:01:32]} 20. Nxe5 {[%emt 0:02:59]} Bxe5 {[%emt 0:01:53]} 21. f4 {[%emt 0:00:05]} f6 {[%emt 0:00:03]} 22. fxe5 {[%emt 0:00:33]} fxe5 {[%emt 0:00:03]} 23. Rd3 {[%emt 0:08:18]} Ke7 {[%emt 0:01:59]} 24. Rc3 {[%emt 0:00:17]} Bb7 {[%emt 0:00:48]} 25. a4 {[%emt 0:00:21]} Rb4 {[%emt 0:00:21]} 26. Rxe5+ {[%emt 0:00:09]} Kd6 {[%emt 0:00:05]} 27. Rb5 {[%emt 0:01:06]} Rxb5 {[%emt 0:00:09]} 28. axb5 {[%emt 0:00:04]} Bxg2 {[%emt 0:00:06]} 29. Ra3 {[%emt 0:00:06]} 1-0

[Event "XXX Roquetas de Mar Open 2019"]
[Site "Roquetas de Mar"]
[Date "2019.01.04"]
[Round "5"]
[White "Bagi, Mate"]
[Black "Maiorov, Nikita"]
[Result "1/2-1/2"]
[WhiteElo "2453"]
[BlackElo "2524"]
[Annotator "TA"]
[PlyCount "60"]
[EventDate "2019.01.02"]
[EventType "swiss"]
[EventCountry "ESP"]
[SourceTitle "playchess.com"]
[Source "ChessBase"]
[SourceQuality "1"]

{[%evp 16,60,23,13,18,37,25,16,12,12,15,11,9,0,-2,0,-2,-11,-7,-13,8,0,0,-10,5,7,34,0,37,-14,0,0,0,0,6,-8,0,0,0,-9,0,0,17,-7,0,0,13]} 1. e4 e5 2. Nf3 Nc6 3. Nc3 Nf6 4. Bb5 Bd6 5. d3 a6 6. Bc4 Be7 7. a3 d6 8. h3 O-O 9. O-O {LiveBook: 7 Games} b5 {C55: Two Knights: 4 d3, 4 d4 exd4 5 e5 and Max Lange Attack} (9... Be6 10. Bxe6 fxe6 11. d4 {½-½ (11) Rupprecht,A (2422)-Votava,J (2522) Germany 2016}) 10. Ba2 Bb7 11. Nd5 Nxd5 12. Bxd5 Qc8 $146 ({Predecessor:} 12... Rc8 13. b4 Ba8 14. c3 Bf6 15. Ra2 Ne7 16. Bxa8 Rxa8 17. d4 {½-½ (71) Rivas Lopez,H-Valle Gonzalez,U Managua 2017}) 13. c3 Nd8 14. Bxb7 Qxb7 15. Be3 Ne6 16. Qb3 Rab8 17. a4 Ra8 18. axb5 axb5 19. Nh2 Rxa1 20. Rxa1 Rb8 21. Nf1 Bf8 22. Qa2 (22. Ra7 $14 Qc6 23. Qd5) 22... h6 {The position is equal.} 23. Qa7 Qc8 24. Qa6 Qe8 25. b4 Qd7 26. Qa7 Qc8 27. Qa6 Qd7 28. Qa7 Qc8 29. Qa6 Qd7 30. Qa7 Qc8 {Accuracy: White = 24%, Black = 46%.} 1/2-1/2